000 00762nam a2200229Ia 4500
001 9643
003 GE_BSU
008 181216s||||||||xx |||||||||||||| ||und||
040 _cGE_BSU
080 _a821.353.1–32
100 _aმუმლაძე,კარპე
245 _aმეფოლადის სიყვარული
245 _bმოთხრობები
245 _cრედ.ლ.კალანდაზე. მხატვ.ალ.ვეფხვაძე
260 _aთბილისი
260 _bსაბჭ.მწერალი
260 _c1958
300 _a126გვ.17სმ.
653 _aმეფოლადის სიყვარული
653 _aმოთხრობები
942 _cBK
999 _c42927
_d42927